000 00695nam a2200217Ii 4500
003 JO-AjNU
008 230605s9999||||xx |||||||||||||| ||und||
017 _a93/11178
020 _a977-5499-09-7
040 _aJO-AjNU
_bara
_erda
_cJO-AjNU
041 _aara
050 1 4 _aTT207.A3546 2000
100 3 _aحلمى، احمد زكي ,
_eauthor
_951385
245 0 0 _aتكنولوجيا الخراطة نظرى وعملي (للمراحل المتقدمة)
264 3 1 _aالقاهرة:دار الفجر للنشر،2000
300 _a353ص
336 _atext
_btxt
_2rdacontent
337 _aunmediated
_bn
_2rdamedia
338 _avolume
_bnc
_2rdacarrier
650 4 _aالخراطة
_951386
999 _aA22693
_c26261
_d26261